[Event "Oberliga Bayern 2122"]
[Site "Bayern"]
[Date "2022.03.20"]
[Round "4.3"]
[White "Klimpel, Thomas"]
[Black "Huber, Benedikt"]
[Result "1/2-1/2"]
[WhiteElo "2026"]
[BlackElo "2270"]
[PlyCount "39"]
[EventDate "2021.10.24"]
[EventType "team-tourn"]
[EventRounds "9"]
[EventCountry "GER"]
[SourceTitle "EXT 2024"]
[Source "ChessBase"]
[SourceDate "2023.10.10"]
[SourceVersion "1"]
[SourceVersionDate "2023.10.10"]
[SourceQuality "1"]
[WhiteTeam "Kareth Lappersdorf"]
[BlackTeam "Muenchen Suedost"]
[WhiteTeamCountry "GER"]
[BlackTeamCountry "GER"]

1. e4 c5 2. Nf3 e6 3. d4 cxd4 4. Nxd4 Nc6 5. Nxc6 bxc6 6. Bd3 Nf6 7. 0-0 d5 8. Nc3 Be7 9. Re1 a5 10. e5 Nd7 11. Qg4 g6 12. Bh6 Ba6 13. Bxa6 Rxa6 14. Na4 Nb6 15. Nxb6 Rxb6 16. b3 Bf8 17. Bg5 Be7 18. Bh6 Bf8 19. Bg5 Be7 20. Bh6 1/2-1/2

[Event "Regionalliga NO 0910"]
[Site "Bayern"]
[Date "2010.02.28"]
[Round "7.4"]
[White "Gegenfurtner, Juergen"]
[Black "Klimpel, Thomas"]
[Result "1-0"]
[WhiteElo "2182"]
[BlackElo "2127"]
[PlyCount "53"]
[EventDate "2009.10.18"]
[EventType "team-tourn"]
[EventRounds "9"]
[EventCountry "GER"]
[SourceTitle "EXT 2011"]
[Source "ChessBase"]
[SourceDate "2010.11.26"]
[SourceVersion "1"]
[SourceVersionDate "2010.11.26"]
[SourceQuality "1"]
[WhiteTeam "Neutraubling"]
[BlackTeam "Kareth Lappersdorf"]
[WhiteTeamCountry "GER"]
[BlackTeamCountry "GER"]

1. e4 a6 2. d4 g6 3. Nc3 Bg7 4. Be3 d6 5. Qd2 Nd7 6. Nf3 b5 7. Bd3 Bb7 8. a4 c6 9. 0-0 Qc7 10. Rfe1 b4 11. Ne2 c5 12. c3 c4 13. Bb1 b3 14. a5 e6 15. Ng3 h5 16. Qe2 h4 17. Nf1 d5 18. Bg5 h3 19. exd5 Bxd5 20. Ne3 Kf8 21. Nxd5 exd5 22. Be7+ Nxe7 23. Qxe7+ Kg8 24. Ng5 Rf8 25. Bxg6 Rh6 26. Bxf7+ Kh8 27. Ne6 1-0

[Event "Bayern-chI Bank Hofmann 13th"]
[Site "Bad Wiessee"]
[Date "2009.11.04"]
[Round "6"]
[White "De Francesco, Klaus"]
[Black "Klimpel, Thomas"]
[Result "1-0"]
[WhiteElo "2296"]
[BlackElo "2159"]
[PlyCount "39"]
[EventDate "2009.10.31"]
[EventType "swiss"]
[EventRounds "9"]
[EventCountry "GER"]
[SourceTitle "EXT 2010"]
[Source "ChessBase"]
[SourceDate "2010.11.25"]
[SourceVersion "1"]
[SourceVersionDate "2010.11.25"]
[SourceQuality "1"]

1. d4 Nf6 2. g3 e6 3. Bg2 c5 4. Nf3 Nc6 5. 0-0 d5 6. c3 Be7 7. dxc5 Bxc5 8. b4 Bd6 9. a3 0-0 10. Bb2 Qe7 11. c4 Rd8 12. cxd5 exd5 13. Nbd2 Be6 14. Nb3 Rac8 15. Nbd4 Nxd4 16. Nxd4 Rc4 17. Qd3 Rdc8 18. Nf5 Bxf5 19. Qxf5 d4 20. Bxd4 1-0

[Event "Bayern-chA 79th"]
[Site "Bad Neustadt/Saale"]
[Date "2008.09.05"]
[Round "8"]
[White "Lochte, Thomas"]
[Black "Klimpel, Thomas"]
[Result "1/2-1/2"]
[WhiteElo "2117"]
[BlackElo "2059"]
[PlyCount "49"]
[EventDate "2008.08.30"]
[EventType "swiss"]
[EventRounds "9"]
[EventCountry "GER"]
[SourceTitle "EXT 2015"]
[Source "ChessBase"]
[SourceDate "2014.11.20"]
[SourceVersion "1"]
[SourceVersionDate "2014.11.20"]
[SourceQuality "1"]

1. e4 c6 2. d4 d5 3. e5 g6 4. Bd3 Na6 5. c3 Nc7 6. h4 h5 7. Nh3 Nh6 8. Nd2 Bf5 9. Nf3 Qd7 10. Nf4 Ne6 11. Ng5 Nxf4 12. Bxf4 e6 13. Be2 Be7 14. f3 0-0-0 15. b4 Rhe8 16. a4 f6 17. Nh7 Nf7 18. b5 fxe5 19. dxe5 c5 20. Qb3 c4 21. Qb2 Rh8 22. Ng5 Nxg5 23. hxg5 Bc5 24. Rd1 Qe7 25. Qd2 1/2-1/2

[Event "Bayern-chA 79th"]
[Site "Bad Neustadt/Saale"]
[Date "2008.09.03"]
[Round "6"]
[White "Schatz, Christian"]
[Black "Klimpel, Thomas"]
[Result "1/2-1/2"]
[WhiteElo "2119"]
[BlackElo "2059"]
[PlyCount "92"]
[EventDate "2008.08.30"]
[EventType "swiss"]
[EventRounds "9"]
[EventCountry "GER"]
[SourceTitle "EXT 2015"]
[Source "ChessBase"]
[SourceDate "2014.11.20"]
[SourceVersion "1"]
[SourceVersionDate "2014.11.20"]
[SourceQuality "1"]

1. Nf3 Nf6 2. c4 c5 3. Nc3 Nc6 4. g3 g6 5. Bg2 Bg7 6. 0-0 0-0 7. d3 d5 8. cxd5 Nxd5 9. Nxd5 Qxd5 10. Be3 Qh5 11. Rc1 b6 12. Ng5 Nd4 13. Bxd4 Bxd4 14. Bxa8 Qxg5 15. b3 Bg4 16. Bf3 Bxf3 17. exf3 e5 18. Kg2 Rd8 19. Rc2 a5 20. Re1 b5 21. h4 Qf5 22. Qe2 Qd7 23. h5 g5 24. Qd2 h6 25. Qxa5 Qd5 26. g4 f5 27. Qxb5 Kg7 28. Qa6 Rd6 29. Qc8 Rf6 30. gxf5 g4 31. Re4 gxf3+ 32. Kh2 Qf7 33. Rg4+ Kh7 34. Kg3 Rxf5 35. Rxc5 Bxc5 36. Qxc5 e4 37. Qb6 Rxh5 38. dxe4 Rh1 39. Rf4 Rg1+ 40. Kxf3 Qh5+ 41. Ke3 Re1+ 42. Kd4 Qd1+ 43. Ke5 Qh5+ 44. Kd4 Qd1+ 45. Ke5 Qh5+ 46. Kd4 Qd1+ 1/2-1/2

[Event "Bayern-chA 79th"]
[Site "Bad Neustadt/Saale"]
[Date "2008.09.01"]
[Round "3"]
[White "Klimpel, Thomas"]
[Black "Koepke, Christian"]
[Result "0-1"]
[WhiteElo "2059"]
[BlackElo "2301"]
[PlyCount "66"]
[EventDate "2008.08.30"]
[EventType "swiss"]
[EventRounds "9"]
[EventCountry "GER"]
[SourceTitle "EXT 2015"]
[Source "ChessBase"]
[SourceDate "2014.11.20"]
[SourceVersion "1"]
[SourceVersionDate "2014.11.20"]
[SourceQuality "1"]

1. Nf3 g6 2. c4 Bg7 3. Nc3 c5 4. g3 Nc6 5. Bg2 e5 6. d3 Nge7 7. h4 h6 8. h5 g5 9. Bd2 d6 10. Rb1 Be6 11. Qa4 0-0 12. Nxg5 hxg5 13. Bxg5 f6 14. Bd2 Rf7 15. Nd5 Rb8 16. h6 Bh8 17. b4 cxb4 18. Nxb4 Nxb4 19. Qxb4 Qd7 20. Be3 Nc6 21. Qd2 d5 22. cxd5 Bxd5 23. Bh3 Be6 24. Bg2 Bd5 25. Bh3 Qd6 26. f3 Be6 27. g4 b6 28. Kf2 Ne7 29. f4 f5 30. Rbg1 Kh7 31. gxf5 Bxf5 32. Rg7+ Bxg7 33. hxg7 Bxh3 0-1

[Event "Oberpfalz-ch M1"]
[Site "Kareth Lappersdorf"]
[Date "2008.03.18"]
[Round "7"]
[White "Giessmann, Stephan"]
[Black "Klimpel, Thomas"]
[Result "1-0"]
[WhiteElo "2197"]
[BlackElo "2139"]
[PlyCount "63"]
[EventDate "2008.03.15"]
[EventType "swiss"]
[EventRounds "8"]
[EventCountry "GER"]
[SourceTitle "EXT 2022"]
[Source "ChessBase"]
[SourceDate "2021.10.06"]
[SourceVersion "1"]
[SourceVersionDate "2021.10.06"]
[SourceQuality "1"]

1. d4 Nf6 2. Nf3 e6 3. Bf4 b6 4. e3 Bb7 5. Bd3 Bb4+ 6. c3 Be7 7. 0-0 Nh5 8. Re1 Nc6 9. Nbd2 d6 10. Qc2 g5 11. Bg3 g4 12. d5 gxf3 13. dxc6 Bxc6 14. Nxf3 Nxg3 15. Nd4 Bd7 16. hxg3 c5 17. Nf3 Qc7 18. a4 a6 19. Qe2 a5 20. e4 Bc6 21. Bb5 Bxb5 22. Qxb5+ Kf8 23. Rad1 Rd8 24. c4 Bf6 25. Rd3 Ke7 26. Red1 e5 27. Nd2 Ke6 28. Nb1 Rd7 29. Nc3 Bd8 30. Nd5 Qb8 31. f4 f6 32. f5+ 1-0

[Event "Oberpfalz-ch M1"]
[Site "Kareth Lappersdorf"]
[Date "2008.03.17"]
[Round "6"]
[White "Riedl, Maximilian"]
[Black "Klimpel, Thomas"]
[Result "0-1"]
[WhiteElo "2096"]
[BlackElo "2139"]
[PlyCount "74"]
[EventDate "2008.03.15"]
[EventType "swiss"]
[EventRounds "8"]
[EventCountry "GER"]
[SourceTitle "EXT 2022"]
[Source "ChessBase"]
[SourceDate "2021.10.06"]
[SourceVersion "1"]
[SourceVersionDate "2021.10.06"]
[SourceQuality "1"]

1. d4 Nf6 2. Nf3 e6 3. Bg5 h6 4. Bxf6 Qxf6 5. Nbd2 d6 6. e3 Nd7 7. Bd3 g6 8. c3 Bg7 9. Qc2 Qe7 10. 0-0-0 a6 11. h4 b5 12. h5 g5 13. Be4 d5 14. Bd3 c5 15. g4 Bb7 16. Rhe1 Rc8 17. Bf1 b4 18. Nb1 0-0 19. Bd3 Kh8 20. Qe2 a5 21. Bc2 Rc7 22. Rf1 Rb8 23. dxc5 Nxc5 24. Nd4 Ba6 25. Qd2 a4 26. f4 b3 27. axb3 axb3 28. Qh2 bxc2 29. Kxc2 Bxf1 30. Rxf1 Rcb7 31. b4 Ne4 32. Nc6 Qd7 33. Nxb8 Qa4+ 34. Kd3 Qb5+ 35. Kc2 Qxf1 36. fxg5 Qf2+ 37. Qxf2 Nxf2 0-1

[Event "Oberpfalz-ch M1"]
[Site "Kareth Lappersdorf"]
[Date "2008.03.15"]
[Round "1"]
[White "Berisha, Shpend"]
[Black "Klimpel, Thomas"]
[Result "1/2-1/2"]
[WhiteElo "1988"]
[BlackElo "2139"]
[PlyCount "98"]
[EventDate "2008.03.15"]
[EventType "swiss"]
[EventRounds "8"]
[EventCountry "GER"]
[SourceTitle "EXT 2022"]
[Source "ChessBase"]
[SourceDate "2021.10.06"]
[SourceVersion "1"]
[SourceVersionDate "2021.10.06"]
[SourceQuality "1"]

1. d4 Nf6 2. c4 e6 3. Nc3 Bb4 4. a3 Bxc3+ 5. bxc3 d6 6. Qc2 0-0 7. Nf3 Re8 8. Bf4 Nbd7 9. Rd1 Qe7 10. e3 e5 11. Bg5 h6 12. Bh4 Nf8 13. c5 Ng6 14. cxd6 cxd6 15. Bg3 Bg4 16. h3 Bh5 17. Be2 Rec8 18. Qb2 Ne4 19. dxe5 dxe5 20. c4 Nxg3 21. fxg3 e4 22. Nh4 Nxh4 23. Bxh5 Qg5 24. Bxf7+ Kxf7 25. 0-0+ Nf3+ 26. gxf3 Qxg3+ 27. Qg2 Qxg2+ 28. Kxg2 exf3+ 29. Rxf3+ Ke7 30. Rf4 Rc6 31. Rfd4 b6 32. Rd7+ Kf6 33. Rf1+ Kg6 34. Rf4 h5 35. Rff7 Rg8 36. Rxa7 Rxc4 37. Rfb7 Rc6 38. Ra6 Rc2+ 39. Kg3 h4+ 40. Kxh4 Rg2 41. Raxb6+ Kf5 42. Rb8 g5+ 43. Kh5 Rxb8 44. Rxb8 Rg3 45. h4 gxh4 46. Rf8+ Ke4 47. Rf4+ Ke5 48. Kxh4 Rxe3 49. Ra4 Kd5 1/2-1/2

[Event "Regionalliga NO 0708"]
[Site "Bayern"]
[Date "2007.11.25"]
[Round "3.3"]
[White "Klimpel, Thomas"]
[Black "Bauer, Andreas"]
[Result "0-1"]
[WhiteElo "2016"]
[BlackElo "2114"]
[PlyCount "62"]
[EventDate "2007.10.21"]
[EventType "team-tourn"]
[EventRounds "9"]
[EventCountry "GER"]
[SourceTitle "EXT 2009"]
[Source "ChessBase"]
[SourceDate "2008.11.26"]
[SourceVersion "1"]
[SourceVersionDate "2008.11.26"]
[SourceQuality "1"]
[WhiteTeam "Kareth Lappersdorf"]
[BlackTeam "Postbauer"]
[WhiteTeamCountry "GER"]
[BlackTeamCountry "GER"]

1. e4 c5 2. Nf3 e6 3. d4 cxd4 4. Nxd4 a6 5. Bd3 Qc7 6. a4 Nc6 7. Nxc6 dxc6 8. Be3 e5 9. Nd2 Nf6 10. Nc4 c5 11. a5 Be6 12. Nb6 Rd8 13. Qe2 Be7 14. f3 0-0 15. 0-0 Nd7 16. Nc4 Bf6 17. Rfb1 Rc8 18. Qf2 g6 19. Qg3 Bg7 20. Bd2 Kh8 21. Ra4 Qc6 22. b3 f6 23. Rd1 Rcd8 24. Qe1 Rfe8 25. Qh4 Bg8 26. Bc3 Nf8 27. Rda1 Ne6 28. b4 Nf4 29. Bf1 g5 30. Qf2 cxb4 31. Bxb4 Bxc4 0-1